00377nam a2200145Ia 4500008004100000020001400041041001200055082001600067100001600083245006700099260002500166300000800191650001500199700001700214221030s9999 xx 000 0 und d a812032173 aEnglish a105.23bHan aM. D. Hanna 0aIntegrated Operations Managementcby M. D. Hanna, W. R. Newman bPHIaNew Delhic2002 a753 aManagement aW. R. Newman